000 00861 a2200217 4500
003 Nust
005 20230307095427.0
010 _a 87037465
020 _a0385237847 :
040 _cNust
082 0 0 _a355.02,CRE
100 0 _aCreveld, Martin Van
_951470
245 1 4 _aThe art of war and military thought /
_cMartin Van Creveld
250 _a1st ed.
260 _aLondon :
_bDoubleday,
_c2000
300 _a224 p. ;
_c28 cm.
505 _aIntroduction Studying War (Page-13), Chinese Military Thought (Page-19), From Antiquity to The Middle Ages (Page-37), From 1500 to 1763 (Page-67), Guibert to Clausewitz (Page-95), The Nineteenth Century (Page-121), Naval Warfare (Page-145), The Interwar Period (Page-161), From 1945 to The Present (Page-185).
650 0 _aMilitary art and science
_937914
700 1 _aWing, R. L.
_9109919
942 _2ddc
_cBK
999 _c185345
_d185345